| 000 | 01182cam a2200325 i 4500 | ||
|---|---|---|---|
| 001 | 24085 | ||
| 003 | Mx-PuUPA | ||
| 005 | 20250312144012.0 | ||
| 008 | 140415s2004 mx gr 001 0 spa d | ||
| 020 | _a9682325587 | ||
| 040 |
_cMx-PuUPA _aMx-PuUPA _bspa _dMx-PuUPA _erda |
||
| 041 | 0 | _aspa | |
| 043 | _acl----- | ||
| 100 | 1 |
_aSantana, Adalberto, _d1952- _910146 _eautor |
|
| 245 | 1 | 3 |
_aEl narcotráfico en América Latina / _cAdalberto Santana |
| 250 | _aPrimera edición | ||
| 264 | 1 |
_aMéxico, D.F. : _bSiglo XXI Editores ; _bCentro Coordinador y Difusor de Estudios Latinoamericanos, UNAM, _c2004 |
|
| 300 |
_a267 páginas ; _c21 cm |
||
| 336 |
_2rdacontent _atexto _btxt |
||
| 337 |
_2rdamedia _asin medio _bn |
||
| 338 |
_2rdacarrier _avolumen _bnc |
||
| 490 | 0 | _aSociología y política | |
| 650 | 7 |
_2armarc _913986 _aTráfico de drogas _zAmérica Latina _y1990- |
|
| 650 | 7 |
_2armarc _aTráfico de drogas _xAspectos políticos _zAmérica Latina _y1990- |
|
| 650 | 7 |
_2armarc _aNarcotráfico _zAmérica Latina |
|
| 942 |
_2ddc _cLI _h364.13365098 _iS54 |
||
| 999 |
_c24085 _d24085 |
||